Statystyki dla Najczęściej uprawiane rośliny świata

Kliknij tutaj aby rozwiązać quiz!

Ogólne statystyki

  • Ten quiz został rozwiązany 5 214 razy
  • Średni wynik to 19 z 50

Statystyki odpowiedzi

TonyRoślina% Poprawnych
766 mPszenica
89%
370 mZiemniak
82%
1148 mKukurydza
77%
755 mRyż
74%
181 mPomidor
66%
117 mBanan
63%
87.2 mJabłko
61%
23.1 mOwies
61%
41.6 mBanan rajski
60%
159 mJęczmień
58%
87.8 mOgórek
56%
78.7 mPomarańcza
51%
70.5 mRzepak
50%
44.8 mMarchewka
49%
23.9 mGruszka
48%
70.2 mKapusta
48%
29.1 mSałata
48%
100 mCebula
47%
100 mArbuz
43%
20.0 mCytryna | Limonka
40%
56.1 mSłonecznik
40%
1949 mTrzcina
40%
278 mBurak cukrowy
39%
77.1 mWinogrono
38%
35.4 mMandarynka
36%
62.5 mOrzech kokosowy
36%
82.6 mBawełna
34%
28.2 mAnanas
33%
334 mSoja
33%
22.9 mDynia
32%
91.8 mBatat
31%
55.9 mMango
31%
28.4 mProso
31%
30.7 mCzosnek
28%
25.7 mBrzoskwinia
24%
26.9 mKalafior | Brokuły
24%
27.6 mMelon
24%
21.8 mGroszek
23%
19.5 mOliwka
23%
57.9 mSorgo
18%
55.2 mBakłażan
17%
27.0 mFasolka
15%
304 mManiok
15%
411 mPalma
15%
30.1 mSzpinak
13%
48.8 mOrzech ziemny
11%
38.0 mChili
9%
14.2 mCiecierzyca
9%
14.6 mGuma
7%
74.3 mPochrzyn
3%

Rozkład punktacji

Percentyl według liczby udzielonych odpowiedzi

Procent ludzi z każdym wynikiem

Twoja historia wyników

Nie rozwiązałeś tego quizu